"False Friends" - Englisch-Deutsch Quiz #2 - Statistiken

Allgemein
  • Dieses Quiz wurde 151 mal gespielt
  • Das Durchschnittsergebnis liegt bei 26 aus 50
Antwortstatistiken
Englisch ähnelt dem Wort: bedeutet aber: % Korrekt
(to) become bekommen werden
92%
eagle Igel Adler
91%
bright breit hell
91%
map Mappe Landkarte
89%
brave brav mutig
87%
where wer wo
87%
pregnant prägnant schwanger
85%
guilty gültig schuldig
84%
actual aktuell eigentlich
78%
bin (Ich) bin (Abfall)eimer | Bunker
75%
(to) spend spenden ausgeben | verbringen
74%
ambulance Ambulanz* Krankenwagen
74%
gang (der) Gang Bande
71%
caution Kaution Vorsicht
71%
sticky stickig klebrig
70%
pickle Pickel Essiggurke | Lake
69%
sin Sinn Sünde
66%
gross groß ekelhaft
65%
Roman Roman Römer
65%
familiar familiär vertraut
65%
influence Influenza Einfluss
64%
ordinary ordinär* gewöhnlich
63%
quote Quote Zitat | Angebot
63%
heft Heft Gewicht
62%
labor Labor (schwere) Arbeit
62%
fabric Fabrik Stoff
55%
must not muss nicht darf nicht
53%
(to) fasten fasten befestigen
48%
(to) wink winken zwinkern
48%
(to) alter Alter ändern
45%
rentable rentabel vermietbar
45%
pepperoni Peperoni (scharfe) Salami
41%
(to) craft Kraft fertigen
40%
receipt Rezept Quittung
39%
restless restlos ruhelos
35%
tag Tag Etikett
33%
stapler Stapler Hefter
33%
tier Tier Stufe
32%
(to) spare sparen verschonen | entbehren
30%
physician Physiker Arzt
28%
pathetic pathetisch erbärmlich
28%
site Seite Standort
27%
mince Minze Hackfleisch
23%
decent dezent ordentlich
23%
eventually eventuell schließlich
19%
sensible sensibel vernünftig
14%
lunge Lunge Vorwärtssprung
13%
(to) whimper Wimper winseln
12%
scrupulous skrupellos gewissenhaft
5%
sympathetic sympathisch (Person)* mitfühlend
2%
Keine übereinstimmenden Quizze gefunden
Verteilung der Resultate
Anzahl Personen mit jedem Resultat
Perzentil nach korrekt beantworteten Fragen
Ihre Resultats-Entwicklung
Sie haben dieses Quiz noch nicht gespielt